000 00562nam a2200181Ia 4500
003 GCL
008 140319s9999 xx 000 0 ara d
040 _aGCL /
_cGCL
082 0 4 _a823
_bهـ ن
100 1 _aنظمى لوقا
245 1 0 _aلقطة مقابل لقطة /
_cنظمى لوقا
260 _a[S.N] :
_bالهيئة المصرية العامة للكتاب ،
_c1986
300 _a428 ص
490 _a
650 0 4 _aالقصص الانجليزية المترجمة
650 0 4 _aالادب الانجليزى المترجم
942 _2ddc
_cBK
999 _c27535
_d27535